| 000 | 01700nmc a2200577 a 4500 | ||
|---|---|---|---|
| 003 | AR-BaBNM | ||
| 005 | 20251128210705.0 | ||
| 008 | 200120s1996 ||||||||||||||000 | spa|| | ||
| 020 | _a950-07-1116-8 | ||
| 040 | _cAR-BaBNM | ||
| 245 | 1 | 0 |
_aBreve antología poesía latinoamericana vanguardia _b1920-1930 |
| 260 |
_aBuenos Aires _bSudamericana _c1996 |
||
| 300 | 0 |
_a168 p. _eguía de trabajo para el profesor |
|
| 490 | 0 | _aSudamericana joven. Poesía | |
| 500 | 0 | _aContiene glosario y biografías de los autores incluidos en la presente antología | |
| 600 | 1 | 4 | _aHuidobro, Vicente |
| 600 | 1 | 4 | _aNeruda, Pablo |
| 600 | 1 | 4 | _aBorges, Jorge Luis |
| 600 | 1 | 4 | _aGirondo, Oliverio |
| 600 | 1 | 4 | _aMariategui, José C. |
| 600 | 1 | 4 | _aVallejo, César |
| 600 | 1 | 4 | _aBandeira, Manuel |
| 600 | 1 | 4 | _aAndrade, Carlos Drummond De |
| 600 | 1 | 4 | _aAndrade, Oswald De |
| 600 | 1 | 4 | _aPales Matos, Luis |
| 600 | 1 | 4 | _aDiego Padro, José De |
| 600 | 1 | 4 | _aPales Matos, Vicente |
| 600 | 1 | 4 | _aBatista, Tomás |
| 600 | 1 | 4 | _aCarpentier, Alejo |
| 600 | 1 | 4 | _aMarinello, Juan |
| 600 | 1 | 4 | _aGuillén, Nicolás |
| 600 | 1 | 4 | _aZavala, Joaquín |
| 600 | 1 | 4 | _aTablada, José Juan |
| 600 | 1 | 4 | _aMaples Arce, Manuel |
| 600 | 1 | 4 | _aRivera, Diego |
| 600 | 1 | 4 | _aVillaurrutia, Xavier |
| 650 | 4 | _aLITERATURA LATINOAMERICANA | |
| 650 | 4 | _aESCRITORES | |
| 650 | 4 | _aANTOLOGIAS | |
| 650 | 4 | _aPOESIA | |
| 650 | 4 | _aLITERATURA CONTEMPORANEA | |
| 653 | 0 | _aVANGUARDIAS LITERARIAS | |
| 653 | 0 | _aREVISTAS LITERARIAS | |
| 655 | _aLITERATURA | ||
| 700 | 1 | _aGonzález, María Inés | |
| 700 | 1 | _aGrosso, Marcela | |
| 700 | 1 | _aLabeur, Paula | |
| 800 | 0 | _aCanela | |
| 942 | _cBK | ||
| 998 | _cMARTIN | ||
| 999 |
_c16461 _d16461 |
||